| 000 | 01012nam a22002177a 4500 | ||
|---|---|---|---|
| 999 |
_c3660 _d3660 |
||
| 003 | AR-CdUCM | ||
| 008 | 190307b ||||| |||| 00| 0 spa d | ||
| 040 |
_aMUNICIPALIDAD PROVINCIAL DEL CUSCO _cBIBLIOTECA MUNICIPAL DEL CUSCO |
||
| 082 |
_a301.34 / _bM31 |
||
| 100 |
_aMax-Neef, Manfred A. _911905 |
||
| 245 | _aEn torno a una sociología del desarrollo / | ||
| 260 |
_aLima : _bUNMSM, Facultad de Letras y Ciencias Humanas, Departamento de Sociología, _c1965. |
||
| 300 |
_a92 páginas ; _c23 cm. |
||
| 500 | _aSeparata de Revista de Sociología, No. 2. | ||
| 505 | _aContenido: Las alternativas del cambio social y la dirección del desarrollo -- Aclaraciones adicionales sobre los conceptos de clase y grupo, y su influencia en la gestación del conflicto social -- Formas de adaptación y su ubicación en el esquema del cambio social -- Limitaciones del esquema ... | ||
| 650 |
_aSociología _9276 |
||
| 650 |
_aDesarrollo social _91131 |
||
| 650 |
_aPerú _935 |
||
| 942 |
_2ddc _cLIBROS |
||
| 945 | _azta | ||